Tieks méchants par département - Statistiques

Statistiques générales
  • Ce quiz a été pris 23 fois
  • Le résultat moyen est 6 sur 9
Statistiques - réponses
Question Réponse % Correct
Bonus: 60 Creil
82%
92 Nanterre
82%
91 Grigny
76%
95 Sarcelles
76%
78 Mantes-la-Jolie
71%
93 Sevran
71%
94 Villeneuve-Saint-Georges
53%
75 19e
47%
77 Melun
29%
Aucun quiz correspondant
Distribution des résultats
% des personnes avec chaque résultat
Percentile par nombre de réponses
Votre historique - résultats
Vous n’avez pas pris ce quiz